Statistics for Countries Exporting the Most Maple Syrup

Click here to take the quiz!

General Stats

  • This quiz has been taken 39 times
  • The average score is 14 of 22

Answer Stats

ValueCountry% Correct
323,994KCanada
100%
24,683KUnited States
97%
192KItaly
94%
5,770KFrance
91%
195KSpain
91%
3,297KUnited Kingdom
91%
232KBelgium
88%
9,781KGermany
88%
10,273KNetherlands
88%
8,921KDenmark
78%
262KIreland
78%
1,534KBrazil
72%
312KAustralia
69%
254KAustria
66%
441KHungary
66%
400KCzech Republic
59%
204KSouth Africa
38%
240KLatvia
28%
308KTaiwan
13%
225KGuatemala
9%
217KSingapore
6%
425KUnited Arab Emirates
6%

Score Distribution

Percentile by Number Answered

Percent of People with Each Score

Your Score History

You have not taken this quiz